000 00757nam a2200229 i 4500
001 70741
003 ES-MaACL
005 20250906063052.0
007 t|
008 040802s1970 sp ||||1| spa d
100 1 _aGarrido, Fernando,
_d1821-1883
_955672
245 1 3 _aLa federación y el socialismo /
_cFernando Garrido ; presentación y selección Jorge Maluquer de Motes.
260 _aBarcelona :
_bMateu,
_c[1970]
300 _a238 p. ;
_c19 cm.
490 1 _aColección Maldoror ;
_v2
650 0 4 _aFederalismo
_912738
650 0 7 _aSocialismo
_2embne
_917147
700 1 _aMaluquer de Motes, Jordi,
_d1946-
_975879
830 0 _aColección Maldoror ;
_v2
_9183313
852 _aES-MaACL
_jC-48144
_bR.73931
999 _c70741
_d70741